| 000 | 00551nam a2200193 i 4500 | ||
|---|---|---|---|
| 001 | bgj | ||
| 100 | 1 | _aBASILE, Giambattista. | |
| 245 | 1 | 0 |
_aDas Pentameron : _bmit 316 Federzeichungen von Josef Hegenbarth / _cGiambattista Basile. |
| 260 |
_aBerlin : _bRütten und Loening, _c1958. |
||
| 300 |
_a725, [1] s. : _bil. ; _c24 cm. |
||
| 650 | _aLiteratura włoska | ||
| 700 | 1 |
_aHEGENBARTH, Josef. _eil. |
|
| 040 | _cBPK | ||
| 041 | 0 |
_ager _hita |
|
| 044 | _aDEU | ||
| 080 | _a821.131.1 | ||
| 942 | _cKS | ||
| 008 | s gw f |000 0 ger | ||
| 999 |
_c50025 _d50025 |
||
| 856 |
_uhttp://koha.tu.koszalin.pl/cgi-bin/koha/opac-detail.pl?biblionumber=50025 _yKatalog online BPK |
||